000 00602nam a2200229Ia 4500
003 OSt
005 20230211103131.0
008 210210b1998 xxu||||| |||| 00| 0 eng d
020 _a81 7493 489 8
040 _cAL
041 _aEnglish
082 _a658.3 MICH
100 _aMICHAEL (V P).
_971960
245 _aHuman resources management and human relations
250 _a2
260 _aDelhi
_bHimalaya Publishing House
_c1998
300 _ax,731
650 _aHuman Resources Management, Relations
_971961
690 _aPersonnel Management
_971962
906 _a054151
942 _2ddc
_cBK
999 _c101925
_d101925